វិញ្ញាសាគណិតវិទ្យា / (Record no. 6639)
[ view plain ]
| 000 -LEADER | |
|---|---|
| fixed length control field | 01289nam a22002417a 4500 |
| 001 - CONTROL NUMBER | |
| control field | 6639 |
| 003 - CONTROL NUMBER IDENTIFIER | |
| control field | FISKH |
| 005 - DATE AND TIME OF LATEST TRANSACTION | |
| control field | 20250516145303.0 |
| 008 - FIXED-LENGTH DATA ELEMENTS--GENERAL INFORMATION | |
| fixed length control field | 250516b cb ||||| |||| 00| 0 eng d |
| 040 ## - CATALOGING SOURCE | |
| Original cataloging agency | FISKH |
| Language of cataloging | khr |
| Transcribing agency | FISKH |
| Modifying agency | FISKH |
| 082 ## - DEWEY DECIMAL CLASSIFICATION NUMBER | |
| Classification number | 510 |
| 100 ## - MAIN ENTRY--PERSONAL NAME | |
| Personal name | Pork, Khorn |
| 245 ## - TITLE STATEMENT | |
| Title | វិញ្ញាសាគណិតវិទ្យា / |
| Statement of responsibility, etc. | រៀបរៀងដោយលោក ខន ភោគ , វាយអត្ថបទដោយលោក គៀត ប្រណីត |
| 260 ## - PUBLICATION, DISTRIBUTION, ETC. | |
| Place of publication, distribution, etc. | ភ្នំពេញ : |
| Name of publisher, distributor, etc. | បណ្ណាគារ សុផាយ៉ា , |
| Date of publication, distribution, etc. | ២០០៨ . |
| 300 ## - PHYSICAL DESCRIPTION | |
| Extent | 136 pages : |
| Other physical details | illustrations ; |
| Dimensions | 20 cm . |
| 520 ## - SUMMARY, ETC. | |
| Summary, etc. | សៀវភៅវិញ្ញាសាគណិតវិទ្យានេះអាចជាជំនួយដល់សិស្សដែលធ្លាប់ប្រលងយកអាហារូបករណ៏ទៅក្រៅប្រទេសឆ្នាំ ២០០០ឥ២០០៨។ |
| 520 ## - SUMMARY, ETC. | |
| Summary, etc. | This mathematics exercise book may have been a helpful resource for students who took scholarship exams to study abroad between the years 2000 and 2008. |
| 650 ## - SUBJECT ADDED ENTRY--TOPICAL TERM | |
| Topical term or geographic name entry element | គណិតវិទ្យា |
| 650 ## - SUBJECT ADDED ENTRY--TOPICAL TERM | |
| Topical term or geographic name entry element | Mathematic |
| 700 ## - ADDED ENTRY--PERSONAL NAME | |
| Personal name | Bronit, Kiet |
| Relator term | Illustrator |
| 942 ## - ADDED ENTRY ELEMENTS (KOHA) | |
| Source of classification or shelving scheme | Dewey Decimal Classification |
| Koha item type | Khmer Books |
| Suppress in OPAC | No |
| Withdrawn status | Lost status | Source of classification or shelving scheme | Damaged status | Not for loan | Collection | Home library | Current library | Shelving location | Date acquired | Total Checkouts | Full call number | Barcode | Date last seen | Price effective from | Koha item type |
|---|---|---|---|---|---|---|---|---|---|---|---|---|---|---|---|
| Dewey Decimal Classification | Khmer Language Books / សៀវភៅភាសាខ្មែរ | Footprints International School Library Network Toul Tom Poung Campus | Footprints International School Library Network Toul Tom Poung Campus | TTP Secondary Khmer Bookshelves | 05/16/2025 | POR 510 | 2025-1317 | 05/16/2025 | 05/16/2025 | Khmer Books |
